000 00401nam a22001577a 4500
003 OSt
005 20140310181749.0
008 130626t xxu||||| |||| 00| 0 eng d
020 _a9718170170
050 _aQH 541
_b.C957 2000
082 _aFIL 363.7
_bME51 2000
100 _aMemije-Cruz, Liwayway
245 _aEcology :
_cMemije-Cruz, Liwayway
300 _a197 p.
_bill. ;
_c21 cm.
942 _2lcc
_cBK
999 _c3140
_d3140